000 01229nam a22003377a 4500
003 CHAP
005 20220329140308.0
008 971013s1979 r 00010 d
010 _a49930
011 _a50902
035 _a55052
040 _cCHAP
090 _aTesis
100 0 0 _aVillarreal González, Héctor.
_9119607
245 1 0 _aPrueba de adaptación y rendimiento de 11 variedades de frijol ejotero (Phaseolus vulgaris L.) con 2 fechas de siembra en Marín, N.L.
260 _aMonterrey, N.L. :
_bEl autor,
_c1979
300 _a50 h.
_b: ilus. ; gráfs.
502 _aTesis (Ing,. Agrónomo Fitotecnista) -- Univ. Autónoma de Nuevo León. Fac. de Agronomía
590 _aALEPH
_b10
_c20130110
_lUCH01
_h1323
590 _aBATCH-UPD
_b10
_c20130110
_lUCH01
_h0307
590 _aBATCH-UPD
_b10
_c20130409
_lUCH01
_h2338
590 _aBATCH-UPD
_b10
_c20130914
_lUCH01
_h1254
590 _aCONVERSION
_b10
_c20130109
_lUCH01
_h1327
650 1 4 _aEjote.
_936065
650 1 4 _aEjote
_xEfecto del medio ambiente.
_936068
650 1 4 _aEjote
_xFechas de siembra.
_936071
650 1 4 _aEjote
_xVariedades.
_936079
901 _aBK
942 _cTESIS
949 _aTesis
_bBC
_cTES
_d33724002066248
_eTS1
_gDonaciØn
_h47996
_i55052
_si
999 _c49930
_d49930